Most Streamed Artists on Spotify - Statistics

General Stats
  • This quiz has been taken 1,178 times
  • The average score is 31 of 100
Answer Stats
Ranking Streams Genre Answer % Correct
9 22,834,509,117 Pop, Country Taylor Swift
89%
1 42,651,845,036 Hip-Hop, Rap Drake
88%
2 31,846,417,206 Pop Ed Sheeran
76%
8 25,382,613,361 Hip-Hop, Rap Eminem
73%
5 26,775,598,462 R&B, Pop The Weeknd
73%
6 26,222,079,767 Pop Justin Bieber
70%
4 27,815,014,094 Pop Ariana Grande
67%
11 20,166,007,772 Hip hop, Rap Kanye West
67%
19 17,731,697,881 Pop, R&B Rihanna
66%
32 13,149,710,977 R&B, Pop, Soul Beyoncé
63%
3 29,087,460,111 Reggaeton Bad Bunny
60%
28 14,667,957,767 Pop, R&B Bruno Mars
54%
30 14,057,207,801 Hip-Hop, Rap Kendrick Lamar
54%
18 17,749,051,006 Hip-Hop, Trap Travis Scott
53%
21 17,302,715,398 Pop, Disco Dua Lipa
51%
37 12,900,491,316 Hip-Hop, Rap Nicki Minaj
51%
29 14,092,417,966 Rock Queen
51%
51 10,603,401,568 Pop Katy Perry
50%
7 25,812,461,209 Hip-Hop, Pop-Rap Post Malone
50%
12 19,274,532,488 Alternative, Pop Billie Eilish
48%
71 7,984,044,082 Pop, Soft Rock Harry Styles
48%
38 12,551,022,706 Pop, Electronic Lady Gaga
48%
73 7,913,323,944 Hip-Hop, Rap Cardi B
46%
16 18,311,748,079 Hip-Hop, Alternative XXXTENTACION
46%
52 10,463,129,062 Pop, Soul Adele
45%
67 8,202,699,392 Pop, Soul, Funk Michael Jackson
45%
43 11,655,209,412 Rock, Pop The Beatles
43%
15 18,380,069,913 Rock, Alternative Coldplay
41%
17 18,240,410,241 Hip-Hop, Trap Juice WRLD
41%
77 7,707,133,991 Hip-Hop, Rap Lil Wayne
40%
35 13,040,052,458 Pop One Direction
40%
40 12,400,194,568 Pop Selena Gomez
40%
50 11,003,548,868 Hip hop, Trap Lil Uzi Vert
39%
23 16,427,492,523 Pop, Folk Shawn Mendes
39%
20 17,552,379,005 Pop, Rock Imagine Dragons
38%
65 8,229,083,494 Pop, Country, Rock Miley Cyrus
38%
60 8,879,929,142 Latin Pop Shakira
37%
53 10,002,900,538 Pop Camila Cabello
36%
22 17,124,134,950 Pop Maroon 5
35%
24 15,941,505,686 EDM, Dance Pop David Guetta
33%
49 11,023,364,776 EDM, House Avicii
32%
91 7,174,527,086 Pop Rap, R&B Doja Cat
32%
10 22,211,924,030 Reggaeton J Balvin
32%
34 13,055,439,860 Hip hop, Rap Future
31%
25 15,692,966,570 EDM, Electro Pop Calvin Harris
30%
90 7,239,790,293 Hip-Hop, Trap Lil Baby
30%
83 7,377,482,593 Hip-Hop, Trap 21 Savage
28%
41 12,269,499,076 Hip hop, Rap J. Cole
27%
31 14,024,173,941 EDM, Electro Pop The Chainsmokers
27%
26 15,204,740,581 Reggaeton, Hip-Hop Daddy Yankee
26%
27 14,685,200,222 Pop, Soul Sam Smith
26%
36 12,946,623,426 Pop Sia
26%
70 8,043,990,670 Hip Hop, Pop-Rap Pitbull
25%
89 7,254,238,213 Heavy Metal Metallica
24%
93 7,124,941,059 Pop Rock P!nk
24%
80 7,539,742,319 Hip-Hop, Trap DaBaby
23%
47 11,247,160,026 Electronic Marshmello
23%
55 9,873,467,142 Dream Pop, Rock Lana Del Rey
22%
100 6,977,405,327 Hip hop, Brooklyn Drill Pop Smoke
22%
96 7,078,770,629 Pop, R&B ZAYN
22%
59 8,887,874,594 Indie Rock Arctic Monkeys
21%
82 7,406,991,276 Hip-Hop, Trap Migos
21%
33 13,136,992,489 R&B, Hip-Hop Chris Brown
20%
39 12,471,954,901 Pop, Alternative Halsey
20%
14 18,467,040,928 R&B, Pop Khalid
20%
97 7,011,572,469 Emo Rap, Trap Lo-fi Lil Peep
20%
66 8,206,820,036 Pop, Rock, Alternative OneRepublic
19%
45 11,519,704,022 Alternative, Rock Twenty One Pilots
19%
75 7,872,571,753 Pop Charlie Puth
18%
61 8,756,686,452 Pop, Rock Demi Lovato
18%
76 7,719,479,523 Hip-Hop, Trap Wiz Khalifa
18%
84 7,354,379,758 Electro House, Future Bass Alan Walker
15%
98 7,000,580,472 EDM, Trap DJ Snake
15%
74 7,888,276,138 Reggaeton, Urbano KAROL G
15%
48 11,085,503,157 Alternative rock Linkin Park
15%
79 7,550,189,530 Hip-Hop, Trap Young Thug
14%
95 7,107,623,653 Hip-Hop, R&B Mac Miller
13%
62 8,473,807,181 Progressive House Martin Garrix
13%
13 18,572,151,586 Reggaeton Ozuna
13%
56 9,866,073,135 Pop, R&B Jason Derulo
12%
44 11,605,710,520 Reggaeton, Urbano Maluma
11%
57 9,196,500,558 Alternative Rock, Metal Red Hot Chili Peppers
11%
94 7,124,678,765 Hip-Hop, Rap Macklemore
10%
68 8,176,520,618 EDM, Dancehall, Reggae Major Lazer
10%
72 7,928,758,549 Electropop Ellie Goulding
9%
46 11,279,052,360 Tropical House Kygo
8%
69 8,142,607,295 Pop Rock, Pop Punk Panic! At The Disco
8%
88 7,256,815,235 Hip-Hop, Rap Tyga
8%
42 11,759,669,610 Reggaeton, Latin trap Anuel AA
7%
85 7,314,691,965 Pop Punk, Emo Pop Fall Out Boy
7%
63 8,283,838,822 Reggaeton, Latin R&B Rauw Alejandro
7%
81 7,458,126,521 Hip-Hop, Rap Logic
6%
87 7,275,258,857 EDM, Pop Diplo
5%
64 8,231,658,916 Hip hop, Alternative G-Eazy
5%
54 9,941,912,102 Reggaeton, Latin Trap Farruko
4%
86 7,276,012,029 Rock, Pop, Blues John Mayer
4%
58 9,110,416,354 Reggaeton, Latin Trap Nicky Jam
4%
99 6,986,402,034 Alternative Pop, Electropop Lauv
1%
78 7,669,685,705 Reggaeton, Pop Sebastian Yatra
1%
92 7,135,011,726 Reggaeton, Latin R&B Sech
1%
No matching quizzes found
Score Distribution
Percent of People with Each Score
Percentile by Number Answered
Your Score History
You have not taken this quiz